| 000 | 00371 a2200133 4500 | ||
|---|---|---|---|
| 003 | Nust | ||
| 005 | 20170207163749.0 | ||
| 040 | _cNust | ||
| 082 | _a799 | ||
| 245 |
_aOpening Address FSc-57,Photographs-2014,Soft Copy _cMCS |
||
| 260 |
_aRawalpindi _bMCS _c06-01-2014 |
||
| 650 | _aPictures of Opening Address FSc-57,Photographs- 2014,CD No 24 (Vol- I) | ||
| 651 | _aSweet Memories-MCS | ||
| 942 | _cBK | ||
| 999 |
_c207997 _d207997 |
||